IPhone Apps Quiz Stats

 Plays Quiz not verified by Sporcle

Also try: Superhero Line-Up
Challenge
Share
Tweet
Embed
Score 0/10 Timer 05:00
0 Plays Today
Picture Apps % Correct
http://1.bp.blogspot.com/_WzC9ND5G0Ps/SLKziS_nUSI/AAAAAAAAAxI/xRR-zSkWjXE/s400/shazam.jpgshazam
92.2%
http://upload.wikimedia.org/wikipedia/en/9/9f/AroundMe.jpgaround me
92.2%
http://www.everyjoe.com/files/2009/06/aim.jpgaim
92.2%
http://appjudge.files.wordpress.com/2009/09/flight-control-icon-298x3001.jpgflight control
92.2%
http://ipodtouchscene.com/siteimg/PapiJumpIcon1.bmppapi jump
92.2%
http://iphone.iusethis.com/icon/iphone/bookworm.pngbook worm
92.2%
http://upload.wikimedia.org/wikipedia/en/1/16/Paper_Toss_Icon.pngpaper toss
90.6%
http://www.appvee.com/uploads/1221021471-Sportacular_icon.pngsportacular
87.5%
http://djfiddler.squarespace.com/storage/logos/facebook%20Icon.png?__SQUARESPACE_CACHEVERSION=1237136453837facebook
79.7%
http://leodinos.gr/images/blog/cglogo.PNGcamera genius
4.7%

You're not logged in!

Compare scores with friends on all Sporcle quizzes.
Join for Free
OR
Log In

You Might Also Like...

Show Comments

Extras

Created Dec 11, 2009SourceReportNominate
Tags:app, Image Quiz, iphone

Top Quizzes Today


Score Distribution

Your Account Isn't Verified!

In order to create a playlist on Sporcle, you need to verify the email address you used during registration. Go to your Sporcle Settings to finish the process.

Report this User

Report this user for behavior that violates our Community Guidelines.

Details: